Abstract book for the 14th Miklós Iványi International PhD & DLA Symposium : Architectural, Engineering and Information Sciences. Hungary, Pécs, 29-30 October 2018
Salvato in:
| Ente Autore: | |
|---|---|
| Altri autori: | , |
| Natura: | Atti del Convegno Libro |
| Lingua: | inglese |
| Pubblicazione: |
Pécs :
Pollack Press,
2018
|
| Accesso online: | https://we.tl/t-B0QVc78IP3 |
| Tags: |
Nessun Tag, puoi essere il primo ad aggiungerne!!
|
MARC
| LEADER | 00000nam a22000003a 4500 | ||
|---|---|---|---|
| 001 | 0068227 | ||
| 005 | 20181105125417.8 | ||
| 008 | 141022s--------hu----------------------d | ||
| 020 | |a 978-963-429-284-5 | ||
| 040 | |a STU |b slo | ||
| 041 | 0 | |a eng | |
| 044 | |a hu | ||
| 111 | 2 | |a Miklós Iványi International PhD & DLA Symposium |n 14th |d 29. - 30. 10. 2018 |c Pécs, Maďarsko | |
| 245 | |a Abstract book for the 14th Miklós Iványi International PhD & DLA Symposium : |b Architectural, Engineering and Information Sciences. Hungary, Pécs, 29-30 October 2018 |h [elektronický zdroj] | ||
| 260 | |a Pécs : |b Pollack Press, |c 2018 | ||
| 300 | |a USB kľúč, 159 s. | ||
| 700 | 1 | |a Fülöp, Attila |4 edt | |
| 700 | 1 | |a Iványi, Péter |4 edt | |
| 856 | 4 | 0 | |u https://we.tl/t-B0QVc78IP3 |
| 996 | |c V* 859/A |l VV4 |s A |a 24 |w 0068227_0001 | ||